书目信息 |
| 题名: |
食品营养学
|
|
| 作者: | 刘志皋 主编 | |
| 分册: | ||
| 出版信息: | 北京 中国轻工业出版社 2008.06 |
|
| 页数: | 287页 | |
| 开本: | 26cm | |
| 丛书名: | ||
| 单 册: | ||
| 中图分类: | TS201.4 | |
| 科图分类: | ||
| 主题词: | 食品工业 | |
| 电子资源: | ||
| ISBN: | 978-7-5019-4241-1 | |
| 000 | 00617nam0 2200217 450 | |
| 001 | 0957799550 | |
| 005 | 20091214160434.16 | |
| 010 | @a978-7-5019-4241-1@dCNY35.00 | |
| 100 | @a20091214d2008 km y0chiy0120 ea | |
| 101 | 0 | @achi |
| 102 | @aCN@b110000 | |
| 200 | 1 | @a食品营养学@Ashi pin ying yang xue@f刘志皋主编@Fliu zhi gao zhu bian |
| 205 | @a2版 | |
| 210 | @a北京@c中国轻工业出版社@d2008.06 | |
| 215 | @a287页@d26cm | |
| 300 | @a高等学校专业教材 | |
| 606 | 0 | @a食品工业 |
| 690 | @aTS201.4@v4 | |
| 701 | 0 | @a刘志皋@Aliu zhi gao@4主编 |
| 801 | 0 | @aCN@b山东省滨州职业学院图书馆@c20091214 |
| 905 | @aBZT@dTS201.4@e2 | |
| 食品营养学/刘志皋主编.-2版.-北京:中国轻工业出版社,2008.06 |
| 287页;26cm |
| 高等学校专业教材 |
| ISBN 978-7-5019-4241-1:CNY35.00 |
| ● |
| 相关链接 |
|
|
|
正题名:食品营养学
索取号:TS201.4/2
 
预约/预借
| 序号 | 登录号 | 条形码 | 馆藏地/架位号 | 状态 | 备注 |
| 1 | 727210 | 2000727210 | 样本书库/样001架A面2层1列/ [索取号:TS201.4/2] | 在馆 | |
| 2 | 727211 | 2000727211 | 中心书库中库/ 中库025架A面2列4层53/ [索取号:TS201.4/2] | 在馆 | |
| 3 | 727212 | 2000727212 | 中心书库中库/ 中库023架B面2列5层65/ [索取号:TS201.4/2] | 在馆 | |
| 4 | 727213 | 2000727213 | 中心书库中库/ 中库025架A面2列4层54/ [索取号:TS201.4/2] | 在馆 | |
| 5 | 727214 | 2000727214 | 中心书库中库/ 中库025架A面2列4层52/ [索取号:TS201.4/2] | 在馆 | |
| 6 | 727215 | 2000727215 | 中心书库中库/ 中库025架A面2列4层51/ [索取号:TS201.4/2] | 在馆 |